La venta judicial de inmuebles

Detalles Bibliográficos
Autor principal: Sabater Sabat,̌ Josep Maria
Formato: eBook
Lenguaje:español
Publicado: Barcelona: J.M. Bosch Editor, 2017
Materias:
Acceso en línea:Acceso restringido

MARC

LEADER 00000nam a22000007a 4500
005 20190326215612.0
007 cr|||| ||||
008 190326s2017 es |||||s|||| 00||0 spa d
020 |a 978-84-946829-3-3 
035 |a 23212 
040 |a vLex 
090 |c 8507  |d 8507 
100 1 |a Sabater Sabat,̌ Josep Maria 
245 1 2 |a La venta judicial de inmuebles  |h [Recurso electrn̤ico] /  |c Josep Maria Sabater Sabať 
256 |a Servicio en ln̕ea 
260 |a Barcelona:  |b J.M. Bosch Editor,  |c 2017 
300 |a 1 recurso electrn̤ico 
506 1 |a Disponible solo en los productos indicados  |d vLex Global  |d vLex Global (Academic Edition, excluding Law Schools)  |d vLex Global (U.S. Academic Edition, Law Schools)  |d vLex Global (U.S. Academic Edition, excluding Law Schools)  |d vLex Global (Academic Edition, Law Schools) 
650 0 4 |a Derecho Procesal  |z Espaą 
740 0 |a vLex Libros (Servicio en ln̕ea) 
856 4 0 |u http://vlex.com/source/venta-judicial-inmuebles-23212  |z Acceso restringido 
942 |c BOOK 
999 0 |a Procedural law